[Event "Europa ch 2012 femenino"]
[Site "Gaziantep TUR"]
[Date "2012.03.03"]
[Round "2.17"]
[White "Mammadova, Gulnar"]
[Black "Repkova, Eva"]
[Result "1-0"]
[PlyCount "79"]
[EventDate "2012.03.02"]
[EventType "swiss"]
[EventRounds "11"]
[EventCountry "TUR"]
[Source "lmi"]
[SourceDate "2012.03.02"]
[WhiteElo "2324"]
[BlackElo "2416"]

1. e4 e6 2. d4 d5 3. Nc3 Nf6 4. Bg5 Be7 5. e5 Nfd7 6. Bxe7 Qxe7 7. f4 a6 8. Nf3
c5 9. Qd2 Nc6 10. dxc5 Nxc5 11. Bd3 b5 12. O-O O-O 13. Rae1 b4 14. Ne2 Qa7 15.
Ned4 Nxd4 16. Nxd4 a5 17. Qe3 Bd7 18. g4 f6 19. f5 exf5 20. e6 f4 21. Rxf4 Rae8
22. Bf5 g6 23. Nb3 gxf5 24. Nxc5 Bc6 25. Rxf5 Re7 26. Nb3 Qxe3+ 27. Rxe3 Bb7
28. Nd4 Kh8 29. Rf4 Bc8 30. Kf2 h6 31. h4 Kh7 32. g5 hxg5 33. hxg5 f5 34. Rh4+
Kg6 35. Rg3 Bxe6 36. Rh6+ Kf7 37. Rf6+ Kg8 38. Rxe6 Rxe6 39. Nxe6 Rc8 40. Nd4
1-0

[Event "Europa ch 2012 femenino"]
[Site "Gaziantep TUR"]
[Date "2012.03.03"]
[Round "2.18"]
[White "Ivakhinova, Inna"]
[Black "Girya, Olga"]
[Result "1/2-1/2"]
[PlyCount "157"]
[EventDate "2012.03.02"]
[EventType "swiss"]
[EventRounds "11"]
[EventCountry "TUR"]
[Source "lmi"]
[SourceDate "2012.03.02"]
[WhiteElo "2285"]
[BlackElo "2406"]

1. d4 d5 2. c4 c6 3. Nf3 Nf6 4. Nc3 dxc4 5. a4 Bf5 6. Nh4 e6 7. Nxf5 exf5 8. e3
Bb4 9. Bxc4 O-O 10. O-O Nbd7 11. Qc2 g6 12. f3 Rc8 13. Kh1 c5 14. Ba2 Qb6 15.
Rd1 Rfe8 16. Bd2 a6 17. Qd3 Qd6 18. Be1 cxd4 19. exd4 Nb6 20. Bb3 f4 21. Bf2
Nbd5 22. Ne4 Qd7 23. Nxf6+ Nxf6 24. Rac1 Nd5 25. Rxc8 Rxc8 26. Qe4 Ne3 27. Bxe3
fxe3 28. Qxe3 Re8 29. Qd3 Qe7 30. Kg1 Kg7 31. g3 Qd6 32. Kf2 Re7 33. Qc4 Rc7
34. Qd3 Rd7 35. Qe4 Re7 36. Qd5 Qc7 37. f4 Qb6 38. Rd3 Be1+ 39. Kf3 Qc7 40. Re3
Rxe3+ 41. Kxe3 Qc1+ 42. Kf3 Qc6 43. Ke2 Qxd5 44. Bxd5 Bb4 45. Bxb7 a5 46. Ke3
Kf6 47. Ke4 Ke7 48. g4 h6 49. h4 Be1 50. h5 gxh5 51. gxh5 Bd2 52. Ke5 Bb4 53.
Bd5 Bd6+ 54. Ke4 Kf6 55. Bb3 Ke7 56. Bc4 Kf6 57. b3 Ke7 58. Kf5 Bb4 59. Ke5
Bd6+ 60. Ke4 Kf6 61. Kd5 Ke7 62. Ke4 Kf6 63. Kd5 Ke7 64. Kc6 Bb4 65. d5 Bd6 66.
Kb6 Bb4 67. d6+ Kxd6 68. Bxf7 Ke7 69. Bd5 Kf6 70. Be4 Bd2 71. Kb5 Bb4 72. Bg6
Bd2 73. Kc5 Bb4+ 74. Kd5 Bd2 75. f5 Bb4 76. Kc6 Ke7 77. Kc7 Bd6+ 78. Kc6 Bb4
79. Kd5 1/2-1/2

[Event "Europa ch 2012 femenino"]
[Site "Gaziantep TUR"]
[Date "2012.03.03"]
[Round "2.21"]
[White "Ozturk, Hilal"]
[Black "Bojkovic, Natasa"]
[Result "0-1"]
[PlyCount "106"]
[EventDate "2012.03.02"]
[EventType "swiss"]
[EventRounds "11"]
[EventCountry "TUR"]
[Source "lmi"]
[SourceDate "2012.03.02"]
[WhiteElo "1784"]
[BlackElo "2395"]

1. e4 c5 2. c3 d5 3. exd5 Qxd5 4. d4 e6 5. Nf3 Nf6 6. Na3 Qd8 7. Nc2 Nbd7 8.
Bd3 Qc7 9. O-O b6 10. Re1 Bb7 11. Qe2 Bd6 12. Ba6 Bxa6 13. Qxa6 O-O 14. Na3 Qc8
15. Qd3 cxd4 16. Nc4 Bc5 17. Nxd4 Rd8 18. Bg5 Bxd4 19. Qxd4 Nf8 20. Nd6 Qc6 21.
Rad1 Ng6 22. Qb4 Nd5 23. Rxd5 Qxd5 24. Bxd8 Rxd8 25. Nc4 h6 26. h3 Qg5 27. Ne3
Nf4 28. Qe4 Nxh3+ 29. Kf1 Nf4 30. Qb7 Qb5+ 31. c4 Qxb2 32. Qc7 Qd4 33. Kg1 Qd6
34. Qxa7 Qc6 35. Rb1 Rd6 36. Rc1 Qc5 37. Qa8+ Kh7 38. Qe4+ Ng6 39. Qf3 Ne5 40.
Qe4+ f5 41. Qc2 Kg8 42. Rb1 f4 43. Nf1 Qxc4 44. Qb2 Qc5 45. Qe2 Nd7 46. Nh2 Qf5
47. Rc1 Nc5 48. Nf3 Kh7 49. Qc4 e5 50. Qb4 e4 51. Nd4 Qe5 52. Nb5 Rg6 53. Qa3
f3 0-1

[Event "Europa ch 2012 femenino"]
[Site "Gaziantep TUR"]
[Date "2012.03.03"]
[Round "2.22"]
[White "Muzychuk, Anna"]
[Black "Kharmunova, Nadejda"]
[Result "1-0"]
[PlyCount "97"]
[EventDate "2012.03.02"]
[EventType "swiss"]
[EventRounds "11"]
[EventCountry "TUR"]
[Source "lmi"]
[SourceDate "2012.03.02"]
[WhiteElo "2583"]
[BlackElo "2191"]

1. e4 c6 2. d4 d5 3. f3 Nf6 4. e5 Nfd7 5. f4 e6 6. Nf3 c5 7. c3 Nc6 8. Bd3 Qb6
9. Bc2 Be7 10. O-O Nf8 11. a3 Bd7 12. b3 Ng6 13. Be3 Na5 14. Nbd2 Bb5 15. Rf2
Qc7 16. dxc5 b6 17. b4 Nb7 18. Ba4 a6 19. Nd4 O-O 20. Bxb5 axb5 21. c6 Nd8 22.
Nxb5 Qxc6 23. Qe2 Qb7 24. Nb3 Nc6 25. Rff1 Rfc8 26. a4 Nh4 27. Bf2 Nf5 28. g4
Nh6 29. N3d4 Nxd4 30. Bxd4 Ra6 31. f5 Rca8 32. Be3 Rxa4 33. Rxa4 Rxa4 34. Bxh6
gxh6 35. fxe6 fxe6 36. Qf3 Ra8 37. Qf7+ Kh8 38. Nd4 Rg8 39. h3 Qc7 40. Rf3 Ra8
41. Qxe6 Ra1+ 42. Kg2 Ra2+ 43. Kg3 h5 44. Nc6 h4+ 45. Kf4 Bf8 46. Ke3 Qg7 47.
Qf6 Qxf6 48. Rxf6 Kg7 49. Nd4 1-0

[Event "Europa ch 2012 femenino"]
[Site "Gaziantep TUR"]
[Date "2012.03.03"]
[Round "2.25"]
[White "Skripchenko, Almira"]
[Black "Mamedjarova, Turkan"]
[Result "1-0"]
[PlyCount "117"]
[EventDate "2012.03.02"]
[EventType "swiss"]
[EventRounds "11"]
[EventCountry "TUR"]
[Source "lmi"]
[SourceDate "2012.03.02"]
[WhiteElo "2468"]
[BlackElo "2284"]

1. e4 e5 2. Bc4 Nc6 3. Nf3 Bc5 4. c3 Nf6 5. d3 d6 6. Nbd2 a6 7. Bb3 Ba7 8. Nf1
h6 9. Ng3 O-O 10. O-O d5 11. exd5 Nxd5 12. Re1 Nf6 13. h3 Re8 14. Bc2 Qd6 15.
Nd2 Be6 16. Qf3 Rad8 17. Nf5 Bxf5 18. Qxf5 Qd5 19. Nf1 Qd7 20. Qf3 Qe6 21. Ng3
Qd5 22. Qe2 Ne7 23. Ne4 Nxe4 24. dxe4 Qe6 25. Bb3 Qf6 26. Be3 Bb6 27. Rad1 Nc8
28. g3 Bxe3 29. Qxe3 Rxd1 30. Rxd1 Rd8 31. Rf1 Nd6 32. h4 Qg6 33. Re1 Rd7 34.
a4 Kh8 35. a5 Nc8 36. Bd5 c6 37. Bb3 Qd6 38. Rd1 Qc7 39. Rxd7 Qxd7 40. Qc5 Qd6
41. Qc4 Qe7 42. Qxf7 Qxf7 43. Bxf7 Nd6 44. Bg6 Kg8 45. Kf1 Kf8 46. Ke2 c5 47.
f4 Ke7 48. Kd3 Kf6 49. h5 c4+ 50. Ke3 Nc8 51. Kf3 Na7 52. Be8 Ke7 53. Ba4 Kd6
54. Kg4 Ke6 55. b3 Nc8 56. bxc4 Nd6 57. Kf3 Kf6 58. Bb3 Nc8 59. c5 1-0

[Event "Europa ch 2012 femenino"]
[Site "Gaziantep TUR"]
[Date "2012.03.03"]
[Round "2.26"]
[White "Javakhishvili, Lela"]
[Black "Seps, Monika"]
[Result "1-0"]
[PlyCount "75"]
[EventDate "2012.03.02"]
[EventType "swiss"]
[EventRounds "11"]
[EventCountry "TUR"]
[Source "lmi"]
[SourceDate "2012.03.02"]
[WhiteElo "2448"]
[BlackElo "2208"]

1. d4 Nf6 2. c4 d6 3. Nf3 Bg4 4. Nc3 g6 5. e3 Bg7 6. Be2 O-O 7. h3 Bxf3 8. Bxf3
c6 9. O-O Nbd7 10. b4 Nb6 11. Be2 Nfd7 12. Qb3 a5 13. bxa5 Rxa5 14. Bd2 Qa8 15.
a4 Ra7 16. Ra2 Nc8 17. Rfa1 e5 18. d5 Nc5 19. Qc2 Ne7 20. a5 f5 21. Na4 Ne4 22.
Be1 Qd8 23. dxc6 Nxc6 24. c5 d5 25. Nb6 Kh8 26. Bb5 Ne7 27. Rd1 d4 28. f3 Ng5
29. exd4 exd4 30. Bf2 f4 31. h4 Ne6 32. Qc4 Nc7 33. Rxd4 Nf5 34. Rxd8 Rxd8 35.
Bd7 Ne3 36. Qe4 Nd1 37. Qxf4 Na6 38. Bd4 1-0

[Event "Europa ch 2012 femenino"]
[Site "Gaziantep TUR"]
[Date "2012.03.03"]
[Round "2.27"]
[White "Zhukova, Natalia"]
[Black "Foisor, Mihaela-Veronica"]
[Result "1/2-1/2"]
[PlyCount "87"]
[EventDate "2012.03.02"]
[EventType "swiss"]
[EventRounds "11"]
[EventCountry "TUR"]
[Source "lmi"]
[SourceDate "2012.03.02"]
[WhiteElo "2435"]
[BlackElo "2242"]

1. d4 d5 2. c4 dxc4 3. Nf3 Nf6 4. e3 e6 5. Bxc4 c5 6. O-O a6 7. Bd3 Nbd7 8. Qe2
b6 9. Rd1 Bb7 10. Nbd2 Be7 11. Nc4 b5 12. Nce5 Nxe5 13. dxe5 Nd7 14. b3 Qc7 15.
Bb2 Nb6 16. Rac1 O-O 17. h4 Rac8 18. Ng5 g6 19. Qg4 c4 20. Bd4 Ba3 21. Rc2 Bc5
22. h5 Bxd4 23. exd4 Qe7 24. bxc4 bxc4 25. Bf1 Bd5 26. Rc3 f5 27. exf6 Qxf6 28.
hxg6 Qxf2+ 29. Kh1 Rf4 30. gxh7+ Kh8 31. Qg3 Rh4+ 32. Nh3 Qxg3 33. Rxg3 Rxh7
34. Kg1 a5 35. Nf4 Rg7 36. Rh3+ Kg8 37. Rb1 c3 38. Rxb6 c2 39. Ne2 c1=Q 40.
Nxc1 Rxc1 41. Rb8+ Kf7 42. Rb2 Rg4 43. Rf2+ Ke7 44. Ra3 1/2-1/2

[Event "Europa ch 2012 femenino"]
[Site "Gaziantep TUR"]
[Date "2012.03.03"]
[Round "2.30"]
[White "Isgandarova, Khayala"]
[Black "Mamedjarova, Zeinab"]
[Result "0-1"]
[PlyCount "74"]
[EventDate "2012.03.02"]
[EventType "swiss"]
[EventRounds "11"]
[EventCountry "TUR"]
[Source "lmi"]
[SourceDate "2012.03.02"]
[WhiteElo "2203"]
[BlackElo "2321"]

1. e4 e5 2. Nf3 Nc6 3. d4 exd4 4. Nxd4 Bc5 5. Nb3 Be7 6. Nc3 Nf6 7. Be2 O-O 8.
O-O d6 9. f4 Re8 10. Bf3 Bf8 11. Be3 a5 12. a4 Nb4 13. Bf2 c5 14. Bh4 Be7 15.
Nb5 Nxe4 16. Bxe7 Rxe7 17. Bxe4 Rxe4 18. Nxd6 Re7 19. Nxc8 Qxc8 20. f5 Rd7 21.
Qg4 c4 22. f6 g6 23. Nd4 h5 24. Qf4 Rxd4 25. Qxd4 Nxc2 26. Qd5 Nxa1 27. Rxa1
Qd8 28. Qe5 Ra6 29. Rf1 Re6 30. Qf4 Qb6+ 31. Kh1 Qxb2 32. h3 Qe5 33. Qf3 c3 34.
Qxb7 Rxf6 35. Qc8+ Kg7 36. Rc1 Rf4 37. Kg1 Qe3+ 0-1

[Event "Europa ch 2012 femenino"]
[Site "Gaziantep TUR"]
[Date "2012.03.03"]
[Round "2.31"]
[White "Bodnaruk, Anastasia"]
[Black "Tsiganova, Monika"]
[Result "1-0"]
[PlyCount "63"]
[EventDate "2012.03.02"]
[EventType "swiss"]
[EventRounds "11"]
[EventCountry "TUR"]
[Source "lmi"]
[SourceDate "2012.03.02"]
[WhiteElo "2412"]
[BlackElo "2185"]

1. e4 c6 2. d4 d5 3. e5 Bf5 4. Nf3 e6 5. Be2 Ne7 6. O-O c5 7. c3 Nec6 8. Be3
Nd7 9. Ne1 Qb6 10. b3 cxd4 11. cxd4 Rc8 12. g4 Bxb1 13. Rxb1 Bb4 14. f4 O-O 15.
Nc2 f5 16. gxf5 exf5 17. a3 Be7 18. Bf3 Qb5 19. a4 Qa5 20. b4 Nxb4 21. Bd2 Rxc2
22. Bxb4 Bxb4 23. Qxc2 Nb6 24. Kh1 Nc4 25. Rxb4 Ne3 26. Qc5 Qxc5 27. dxc5 Nxf1
28. Bxd5+ Kh8 29. Rxb7 Ne3 30. Bb3 g5 31. e6 gxf4 32. e7 1-0

[Event "Europa ch 2012 femenino"]
[Site "Gaziantep TUR"]
[Date "2012.03.03"]
[Round "2.33"]
[White "Olsarova, Karolina"]
[Black "Khotenashvili, Bela"]
[Result "0-1"]
[PlyCount "78"]
[EventDate "2012.03.02"]
[EventType "swiss"]
[EventRounds "11"]
[EventCountry "TUR"]
[Source "lmi"]
[SourceDate "2012.03.02"]
[WhiteElo "2189"]
[BlackElo "2490"]

1. e4 c6 2. d4 d5 3. Nc3 dxe4 4. Nxe4 Nf6 5. Ng3 g6 6. Nf3 Bg7 7. Be2 c5 8.
dxc5 Qa5+ 9. c3 Qxc5 10. Be3 Qc7 11. h3 O-O 12. Qc1 Re8 13. O-O Nc6 14. Rd1 b6
15. Bh6 Bh8 16. Qg5 Bb7 17. h4 Nd8 18. h5 Ne6 19. Qh4 Red8 20. hxg6 hxg6 21.
Ng5 Qf4 22. Qxf4 Nxf4 23. Bf3 Bxf3 24. Nxf3 Nd3 25. Rd2 Ng4 26. Rad1 Nxh6 27.
Rxd3 Rxd3 28. Rxd3 Kf8 29. Nd4 Rc8 30. f3 Be5 31. Ne4 Bb8 32. Nc6 Rxc6 33. Rd8+
Kg7 34. Rxb8 Rc7 35. Kf2 f6 36. Ke2 Nf7 37. f4 Rc4 38. Kd3 Ra4 39. Rb7 Rxe4 0-1

[Event "Europa ch 2012 femenino"]
[Site "Gaziantep TUR"]
[Date "2012.03.03"]
[Round "2.34"]
[White "Coimbra, Margarida"]
[Black "Kovanova, Baira"]
[Result "0-1"]
[PlyCount "110"]
[EventDate "2012.03.02"]
[EventType "swiss"]
[EventRounds "11"]
[EventCountry "TUR"]
[Source "lmi"]
[SourceDate "2012.03.02"]
[WhiteElo "2156"]
[BlackElo "2392"]

1. e4 e5 2. Nf3 Nc6 3. d4 exd4 4. Nxd4 Nf6 5. Nxc6 bxc6 6. e5 Qe7 7. Qe2 Nd5 8.
c4 Ba6 9. b3 g6 10. f4 d6 11. Ba3 Nxf4 12. Qe4 Qxe5 13. Nd2 Bg7 14. O-O-O Qxe4
15. Nxe4 O-O 16. g3 Ne6 17. Bg2 Nd4 18. Rhe1 Rae8 19. Bb2 c5 20. Nc3 Bc8 21.
Nd5 Bh6+ 22. Kb1 Bf5+ 23. Be4 Bxe4+ 24. Rxe4 Rxe4 25. Nf6+ Kg7 26. Nxe4 Re8 27.
Nf2 Re2 28. Ng4 Bd2 29. Rf1 f5 30. Nf2 a5 31. h4 Re1+ 32. Rxe1 Bxe1 33. Nh1 Kf7
34. Kc1 f4 35. gxf4 Bxh4 36. Kd1 Ke6 37. Bc3 Nc6 38. Ke2 Bf6 39. Bd2 d5 40.
cxd5+ Kxd5 41. Nf2 c4 42. Ng4 Bd4 43. Ne3+ Bxe3 44. Kxe3 cxb3 45. axb3 Nb4 46.
Bc3 c5 47. Kf3 c4 48. bxc4+ Kxc4 49. Bg7 a4 50. Kg4 a3 51. Kg5 Nd3 52. Ba1 Kb3
53. Kh6 Nxf4 54. Kxh7 Nd3 55. Kxg6 Nb2 0-1

[Event "Europa ch 2012 femenino"]
[Site "Gaziantep TUR"]
[Date "2012.03.03"]
[Round "2.35"]
[White "Kineva, Ekaterina"]
[Black "Goryachkina, Aleksandra"]
[Result "0-1"]
[PlyCount "120"]
[EventDate "2012.03.02"]
[EventType "swiss"]
[EventRounds "11"]
[EventCountry "TUR"]
[Source "lmi"]
[SourceDate "2012.03.02"]
[WhiteElo "2126"]
[BlackElo "2341"]

1. e4 c5 2. Nf3 d6 3. d4 cxd4 4. Nxd4 Nf6 5. Nc3 a6 6. Bg5 e6 7. Qf3 Nbd7 8.
O-O-O Qc7 9. Bd3 b5 10. Qg3 b4 11. Nd5 exd5 12. exd5 Bb7 13. Rhe1+ Kd8 14. Nc6+
Bxc6 15. dxc6 Nc5 16. Bc4 Ra7 17. Qe5 Qxc6 18. Bxf6+ Kc7 19. Qf4 gxf6 20. Qxf6
Nd7 21. Qxh8 Qxc4 22. Kb1 Kb6 23. Qxh7 Rc7 24. Qd3 Qc6 25. Qd4+ Nc5 26. h4 Ka7
27. g4 a5 28. h5 a4 29. g5 a3 30. h6 f6 31. g6 Bxh6 32. Qxd6 Qxd6 33. Rxd6 Bg7
34. Rd5 Kb6 35. b3 Kc6 36. Rh5 Rd7 37. f3 Nb7 38. Rh4 Kb5 39. Rhe4 Nd6 40. Re7
Kc6 41. Rxd7 Kxd7 42. Rh1 f5 43. Rh7 Ne8 44. Kc1 Ke6 45. Rh2 Nc7 46. Rh7 Kf6
47. Rh4 Nd5 48. c4 bxc3 49. Ra4 Bf8 50. Kc2 Kxg6 51. Ra5 Nb4+ 52. Kxc3 Nxa2+
53. Kc4 Nc1 54. b4 a2 55. b5 Bg7 56. b6 a1=Q 57. Rxa1 Bxa1 58. f4 Nb3 59. Kxb3
Bd4 60. b7 Ba7 0-1

[Event "Europa ch 2012 femenino"]
[Site "Gaziantep TUR"]
[Date "2012.03.03"]
[Round "2.36"]
[White "Manakova, Maria"]
[Black "Cherednichenko, Elena"]
[Result "1-0"]
[PlyCount "87"]
[EventDate "2012.03.02"]
[EventType "swiss"]
[EventRounds "11"]
[EventCountry "TUR"]
[Source "lmi"]
[SourceDate "2012.03.02"]
[WhiteElo "2315"]
[BlackElo "2130"]

1. d4 Nf6 2. c4 e6 3. Nf3 Bb4+ 4. Nbd2 b6 5. a3 Bxd2+ 6. Qxd2 Bb7 7. e3 d6 8.
Be2 Nbd7 9. O-O O-O 10. b4 Qe7 11. Bb2 Ne4 12. Qc2 f5 13. Ne1 Qg5 14. Bc1 Qg6
15. f3 Ng5 16. Nd3 Qe8 17. c5 bxc5 18. bxc5 Nf6 19. Bd2 Nf7 20. cxd6 cxd6 21.
Qc7 Ba6 22. Rab1 Qd7 23. Qa5 Bxd3 24. Bxd3 Rfb8 25. Bb5 Qd8 26. Qa4 a6 27. Bc6
Rxb1 28. Rxb1 Rb8 29. Rxb8 Qxb8 30. Qxa6 Nd8 31. Bb5 Nd5 32. a4 Qc7 33. Qa5 Qb8
34. Bd3 h6 35. Qb5 Qc7 36. Bxf5 exf5 37. Qxd5+ Kh8 38. Qxf5 Nc6 39. h3 Ne7 40.
Qf7 Qd8 41. a5 Nc6 42. a6 d5 43. Qb7 Na5 44. Bxa5 1-0

[Event "Europa ch 2012 femenino"]
[Site "Gaziantep TUR"]
[Date "2012.03.03"]
[Round "2.38"]
[White "Bulmaga, Irina"]
[Black "De Seroux, Camille"]
[Result "1-0"]
[PlyCount "109"]
[EventDate "2012.03.02"]
[EventType "swiss"]
[EventRounds "11"]
[EventCountry "TUR"]
[Source "lmi"]
[SourceDate "2012.03.02"]
[WhiteElo "2307"]
[BlackElo "2122"]

1. e4 c5 2. Nf3 d6 3. d4 cxd4 4. Nxd4 Nf6 5. Nc3 Nc6 6. Bg5 Qb6 7. Nb3 e6 8.
Qd2 Be7 9. Bxf6 Bxf6 10. Qxd6 Bd7 11. Qc5 Nb4 12. O-O-O Rc8 13. Qxb6 axb6 14.
Nd4 O-O 15. a3 Na6 16. Ndb5 Nc5 17. f3 Rfd8 18. Kb1 g6 19. Be2 Kf8 20. Rhe1 Ra8
21. Na2 Na4 22. c3 Ke7 23. Nd4 Rdc8 24. g3 Ra5 25. f4 e5 26. Nb3 Raa8 27. Rxd7+
Kxd7 28. Bg4+ Ke8 29. Bxc8 Rxc8 30. Nb4 Bg7 31. Nd5 Rc6 32. Kc2 Rd6 33. Rd1 Kd7
34. Nd2 b5 35. fxe5 Bxe5 36. Nf3 f6 37. Nxe5+ fxe5 38. Nf6+ Ke6 39. Rxd6+ Kxd6
40. Nxh7 Nb6 41. Ng5 Nc4 42. b3 Nxa3+ 43. Kb2 b4 44. cxb4 Nb5 45. Nf7+ Ke6 46.
Nd8+ Kf6 47. Nxb7 Kg5 48. h3 Nd4 49. Kc3 Ne2+ 50. Kc4 Nxg3 51. Nd6 Ne2 52. b5
Nd4 53. b6 Kh4 54. Kd5 Kxh3 55. b7 1-0

[Event "Europa ch 2012 femenino"]
[Site "Gaziantep TUR"]
[Date "2012.03.03"]
[Round "2.39"]
[White "Motycakova, Monika"]
[Black "Dworakowska, Joanna"]
[Result "0-1"]
[PlyCount "80"]
[EventDate "2012.03.02"]
[EventType "swiss"]
[EventRounds "11"]
[EventCountry "TUR"]
[Source "lmi"]
[SourceDate "2012.03.02"]
[WhiteElo "2087"]
[BlackElo "2304"]

1. e4 c5 2. Nf3 d6 3. c3 Nf6 4. h3 Nc6 5. Bd3 Bd7 6. Bc2 Qc7 7. O-O e6 8. Re1
Be7 9. d4 cxd4 10. cxd4 Nb4 11. Bb3 d5 12. e5 Ne4 13. a3 Nc6 14. Nbd2 Nxd2 15.
Bxd2 Qb6 16. Bc3 g5 17. Bc2 h5 18. Nh2 O-O-O 19. b4 Kb8 20. Qd2 Rc8 21. b5 Nxe5
22. Rxe5 Qc7 23. Re3 Bd6 24. g3 f5 25. a4 h4 26. Kg2 hxg3 27. fxg3 f4 28. Rf3
fxg3 29. Ng4 Bf4 30. Qd3 e5 31. Nxe5 Bxh3+ 32. Kg1 Rh6 33. Ra3 Rch8 34. Rxg3
Bxg3 35. Qxg3 Be6 36. Kg2 Rh3 37. Qxg5 Rh2+ 38. Kg1 Rh1+ 39. Kf2 R1h2+ 40. Kg1
Rxc2 0-1

[Event "Europa ch 2012 femenino"]
[Site "Gaziantep TUR"]
[Date "2012.03.03"]
[Round "2.40"]
[White "Borosova, Zuzana"]
[Black "Mareckova, Martina"]
[Result "1/2-1/2"]
[PlyCount "93"]
[EventDate "2012.03.02"]
[EventType "swiss"]
[EventRounds "11"]
[EventCountry "TUR"]
[Source "lmi"]
[SourceDate "2012.03.02"]
[WhiteElo "2302"]
[BlackElo "2114"]

1. d4 Nf6 2. Nc3 g6 3. e4 d6 4. Be3 Bg7 5. Qd2 c6 6. Bh6 O-O 7. O-O-O b5 8.
Bxg7 Kxg7 9. e5 dxe5 10. dxe5 Qxd2+ 11. Rxd2 Ng4 12. f4 Nd7 13. Nf3 Nc5 14. Nd4
b4 15. Nd1 Ne4 16. Re2 c5 17. Rxe4 Bb7 18. Nc6 Bxc6 19. Rc4 Bb5 20. Rxc5 Bxf1
21. Rxf1 Nxh2 22. Rf2 Ng4 23. Rd2 e6 24. Ra5 Rfc8 25. Rd4 Rcb8 26. Rd7 a6 27.
Rd6 g5 28. fxg5 Kg6 29. c4 bxc3 30. Nxc3 Rb4 31. g3 Kxg5 32. Rd7 Kg6 33. a3 Rc4
34. Kd2 Rb8 35. Kd3 Rc6 36. b4 Nf2+ 37. Ke2 Ng4 38. Kd2 Rbc8 39. Ne2 Rc2+ 40.
Kd3 R8c6 41. Rd8 h5 42. Rg8+ Kh7 43. Rg5 Kh6 44. Rg8 Kh7 45. Rg5 Kh6 46. Rg8
Kh7 47. Ke4 1/2-1/2

[Event "Europa ch 2012 femenino"]
[Site "Gaziantep TUR"]
[Date "2012.03.03"]
[Round "2.42"]
[White "Drljevic, Ljilja"]
[Black "Uta, Adeline-Ramona"]
[Result "1-0"]
[PlyCount "93"]
[EventDate "2012.03.02"]
[EventType "swiss"]
[EventRounds "11"]
[EventCountry "TUR"]
[Source "lmi"]
[SourceDate "2012.03.02"]
[WhiteElo "2278"]
[BlackElo "2098"]

1. e4 c5 2. d3 g6 3. g3 Bg7 4. Bg2 Nc6 5. Nd2 d6 6. Ngf3 e5 7. O-O Nge7 8. a4
O-O 9. Nc4 h6 10. c3 Be6 11. Bd2 f5 12. Qe2 Qd7 13. a5 f4 14. d4 cxd4 15. cxd4
Bg4 16. dxe5 dxe5 17. gxf4 Nd4 18. Qd1 Nec6 19. Nfxe5 Nxe5 20. Nxe5 Bxe5 21. f3
Bxf4 22. Bxf4 Rxf4 23. fxg4 Rxg4 24. Kh1 Rh4 25. Ra3 Qc7 26. Rh3 Rxh3 27. Bxh3
Rd8 28. Qc1 Qxc1 29. Rxc1 Re8 30. Bg2 Re7 31. Rc5 Nb3 32. Rd5 Rc7 33. h3 Rc2
34. Rb5 Nc5 35. b4 Ne6 36. e5 Nf4 37. Bxb7 Rc3 38. e6 Rxh3+ 39. Kg1 Re3 40. Bc8
Nxe6 41. Rb7 Nd4 42. Rxa7 g5 43. Rd7 Nc6 44. Rb7 Kf8 45. a6 Re7 46. b5 Rxb7 47.
Bxb7 1-0

[Event "Europa ch 2012 femenino"]
[Site "Gaziantep TUR"]
[Date "2012.03.03"]
[Round "2.43"]
[White "Chelushkina, Irina"]
[Black "Kaya, Emel"]
[Result "1-0"]
[PlyCount "75"]
[EventDate "2012.03.02"]
[EventType "swiss"]
[EventRounds "11"]
[EventCountry "TUR"]
[Source "lmi"]
[SourceDate "2012.03.02"]
[WhiteElo "2263"]
[BlackElo "1997"]

1. Nf3 Nf6 2. g3 c5 3. Bg2 Nc6 4. O-O d5 5. d3 e5 6. Nc3 Be7 7. e4 dxe4 8. dxe4
Qxd1 9. Rxd1 Bg4 10. Rd2 Bxf3 11. Bxf3 Nd4 12. Kg2 O-O 13. Nd1 Ne8 14. c3 Nxf3
15. Kxf3 Nd6 16. Ne3 f5 17. exf5 Nxf5 18. Nxf5 Rxf5+ 19. Ke4 Raf8 20. Rd7 Bd8
21. Be3 R5f7 22. Rad1 Bb6 23. c4 a6 24. a4 Ba7 25. Rxf7 Rxf7 26. Rd8+ Rf8 27.
Rxf8+ Kxf8 28. Kxe5 Ke7 29. Kd5 Kd7 30. Bxc5 Bb8 31. Bd4 g6 32. b4 Bc7 33. c5
h5 34. b5 axb5 35. axb5 h4 36. Be5 hxg3 37. fxg3 Bd8 38. h4 1-0

[Event "Europa ch 2012 femenino"]
[Site "Gaziantep TUR"]
[Date "2012.03.03"]
[Round "2.44"]
[White "Menzi, Nezihe Ezgi"]
[Black "Sandu, Mihaela"]
[Result "0-1"]
[PlyCount "62"]
[EventDate "2012.03.02"]
[EventType "swiss"]
[EventRounds "11"]
[EventCountry "TUR"]
[Source "lmi"]
[SourceDate "2012.03.02"]
[WhiteElo "1902"]
[BlackElo "2253"]

1. e4 c5 2. Nf3 e6 3. d4 cxd4 4. Nxd4 Nc6 5. Be3 Nf6 6. f3 d5 7. Bb5 Qc7 8.
exd5 Nxd5 9. Bf2 a6 10. Bxc6+ bxc6 11. O-O Bd6 12. g3 c5 13. Nf5 Be5 14. Re1
O-O 15. c3 Bb7 16. Ne3 Nxe3 17. Rxe3 Rad8 18. Qe2 Bf6 19. Nd2 Bg5 20. f4 Be7
21. Nf3 Bf6 22. Rd1 Rxd1+ 23. Qxd1 Rd8 24. Qe2 Qc6 25. Kf1 h6 26. Bg1 Qd5 27.
b3 Qf5 28. Nd2 Qc2 29. Nc4 Qc1+ 30. Kf2 Bxc3 31. Rd3 Rxd3 0-1

[Event "Europa ch 2012 femenino"]
[Site "Gaziantep TUR"]
[Date "2012.03.03"]
[Round "2.46"]
[White "Arig, Busra"]
[Black "Bronnikova, Elizaveta"]
[Result "0-1"]
[PlyCount "66"]
[EventDate "2012.03.02"]
[EventType "swiss"]
[EventRounds "11"]
[EventCountry "TUR"]
[Source "lmi"]
[SourceDate "2012.03.02"]
[WhiteElo "1839"]
[BlackElo "2252"]

1. d4 g6 2. Nf3 Bg7 3. c3 d6 4. e4 Nd7 5. Bc4 e6 6. O-O Ne7 7. Qe2 b6 8. Bg5
Bb7 9. Nbd2 h6 10. Bh4 g5 11. Bg3 Ng6 12. e5 g4 13. Ne1 dxe5 14. Qxg4 h5 15.
Qe2 h4 16. Bxe5 Bxe5 17. dxe5 Ngxe5 18. Bb5 c6 19. Ba6 Bxa6 20. Qxa6 Nc5 21.
Qe2 Ned3 22. Ne4 Nf4 23. Qf3 Nxe4 24. Qxe4 Qd6 25. Nf3 f5 26. Qe5 O-O-O 27. g3
hxg3 28. hxg3 Nd3 29. Qxd6 Rxd6 30. Rad1 Kc7 31. Rd2 e5 32. Rfd1 e4 33. Ne5
Rdh6 0-1

[Event "Europa ch 2012 femenino"]
[Site "Gaziantep TUR"]
[Date "2012.03.03"]
[Round "2.47"]
[White "Abdulla, Khayala"]
[Black "Soyunlu, Narmin"]
[Result "1-0"]
[PlyCount "71"]
[EventDate "2012.03.02"]
[EventType "swiss"]
[EventRounds "11"]
[EventCountry "TUR"]
[Source "lmi"]
[SourceDate "2012.03.02"]
[WhiteElo "2246"]
[BlackElo "1842"]

1. e4 e6 2. d4 d5 3. Nc3 Nf6 4. Bg5 Bb4 5. e5 h6 6. Bd2 Bxc3 7. bxc3 Ne4 8. Qg4
g6 9. Bd3 Nxd2 10. Kxd2 c5 11. h4 Nc6 12. Rh3 cxd4 13. cxd4 Qb6 14. Nf3 Bd7 15.
Rhh1 O-O-O 16. Rhb1 Qa5+ 17. c3 f5 18. Qf4 Rdg8 19. Qe3 Rf8 20. g3 Ne7 21. a4
f4 22. gxf4 Nf5 23. Qe2 Ne7 24. Bb5 Nc6 25. Qe3 Rf7 26. Ne1 Rhf8 27. Nd3 g5 28.
hxg5 hxg5 29. Bxc6 Bxc6 30. Qh3 Bd7 31. Qg4 gxf4 32. Nc5 b6 33. Nxd7 Kxd7 34.
Rb5 Qa6 35. Rxd5+ Kc7 36. Qxe6 1-0

[Event "Europa ch 2012 femenino"]
[Site "Gaziantep TUR"]
[Date "2012.03.03"]
[Round "2.48"]
[White "Hairapetian, Anna"]
[Black "Martynkova, Olena"]
[Result "1-0"]
[PlyCount "69"]
[EventDate "2012.03.02"]
[EventType "swiss"]
[EventRounds "11"]
[EventCountry "TUR"]
[Source "lmi"]
[SourceDate "2012.03.02"]
[WhiteElo "2227"]
[BlackElo "1689"]

1. e4 e5 2. Nf3 Nc6 3. Bb5 a6 4. Bxc6 dxc6 5. O-O Qd6 6. d3 Be6 7. Be3 f6 8.
Nbd2 Ne7 9. Qe2 h5 10. Rfd1 g5 11. Nb3 Bxb3 12. axb3 Ng6 13. d4 Qe6 14. dxe5
Nxe5 15. Nd4 Qf7 16. Nf5 Be7 17. Ra5 Ng6 18. Ra4 Ne5 19. Rad4 c5 20. Rd5 c6 21.
Rd6 b6 22. Re6 Qxe6 23. Ng7+ Kf7 24. Nxe6 Kxe6 25. f4 gxf4 26. Bxf4 b5 27. Bxe5
fxe5 28. Qf3 Raf8 29. Qh3+ Kf7 30. Qf5+ Kg7 31. Qxe5+ Bf6 32. Qg3+ Kh6 33. Rd6
Kh7 34. Rd7+ Kh6 35. Qf4+ 1-0